MARC details
| 000 -CABECERA |
| campo de control de longitud fija |
01594nam a2200421 a 4500 |
| 001 - NÚMERO DE CONTROL |
| campo de control |
000110340 |
| 003 - IDENTIFICADOR DEL NÚMERO DE CONTROL |
| campo de control |
CHAP |
| 005 - FECHA Y HORA DE LA ÚLTIMA TRANSACCIÓN |
| campo de control |
20220329144127.0 |
| 008 - DATOS DE LONGITUD FIJA--INFORMACIÓN GENERAL |
| campo de control de longitud fija |
140819s2013 it j |r| ||||||eng d |
| 010 ## - NÚMERO DE CONTROL DE LA BIBLIOTECA DEL CONGRESO |
| Número de control de LC |
106802 |
| 011 ## - ENLACE DEL NUMERO DE CONTROL DE LA BIBLIOTECA DEL CONGRESO [OBSOLETO] |
| Número de control de LC |
107774 |
| 020 ## - NÚMERO INTERNACIONAL ESTÁNDAR DEL LIBRO |
| Número Internacional Estándar del Libro |
9789251078495 |
| 040 ## - FUENTE DE LA CATALOGACIÓN |
| Centro/agencia transcriptor |
CHAP |
| 082 04 - NÚMERO DE LA CLASIFICACIÓN DECIMAL DEWEY |
| Número de clasificación |
363.8 |
| Número de documento/Ítem |
F218y |
| 245 10 - MENCIÓN DE TÍTULO |
| Título |
Joint FAO/WHO expert meeting on the public health risks of histamine and other biogenetic amines from Fish and Fishery Products : |
| Resto del título |
meeting report / |
| Mención de responsabilidad, etc. |
por FAO. |
| 260 ## - PUBLICACIÓN, DISTRIBUCIÓN, ETC. |
| Lugar de publicación, distribución, etc. |
Roma : |
| Nombre del editor, distribuidor, etc. |
FAO, |
| Fecha de publicación, distribución, etc. |
2013. |
| 300 ## - DESCRIPCIÓN FÍSICA |
| Extensión |
x, 126 p. : |
| Otras características físicas |
gráfs., tabs. |
| 500 ## - NOTA GENERAL |
| Nota general |
Joint FAO/WHO expert meeting on the public health risks of histamine and other biogenetic amines from Fish and Fishery Products: 23-27 July 2012, FAO Headquarters, Rome, Italy |
| 590 ## - NOTA LOCAL (RLIN) |
| Nota local |
E5995AHE |
| Procedencia (VM) [OBSOLETO] |
05 |
| Condición del los carretes individuales (VM) [OBSOLETO] |
20140819 |
| -- |
UCH01 |
| -- |
1153 |
| 590 ## - NOTA LOCAL (RLIN) |
| Nota local |
E5995AHE |
| Procedencia (VM) [OBSOLETO] |
05 |
| Condición del los carretes individuales (VM) [OBSOLETO] |
20140819 |
| -- |
UCH01 |
| -- |
1328 |
| 590 ## - NOTA LOCAL (RLIN) |
| Nota local |
E5995AHE |
| Procedencia (VM) [OBSOLETO] |
05 |
| Condición del los carretes individuales (VM) [OBSOLETO] |
20140819 |
| -- |
UCH01 |
| -- |
1328 |
| 590 ## - NOTA LOCAL (RLIN) |
| Nota local |
E5995AHE |
| Procedencia (VM) [OBSOLETO] |
05 |
| Condición del los carretes individuales (VM) [OBSOLETO] |
20140819 |
| -- |
UCH01 |
| -- |
1329 |
| 590 ## - NOTA LOCAL (RLIN) |
| Nota local |
E5995AHE |
| Procedencia (VM) [OBSOLETO] |
05 |
| Condición del los carretes individuales (VM) [OBSOLETO] |
20140819 |
| -- |
UCH01 |
| -- |
1329 |
| 590 ## - NOTA LOCAL (RLIN) |
| Nota local |
E5995AHE |
| Procedencia (VM) [OBSOLETO] |
05 |
| Condición del los carretes individuales (VM) [OBSOLETO] |
20140819 |
| -- |
UCH01 |
| -- |
1425 |
| 590 ## - NOTA LOCAL (RLIN) |
| Nota local |
E5995AHE |
| Procedencia (VM) [OBSOLETO] |
05 |
| Condición del los carretes individuales (VM) [OBSOLETO] |
20140819 |
| -- |
UCH01 |
| -- |
1426 |
| 590 ## - NOTA LOCAL (RLIN) |
| Nota local |
E5995AHE |
| Procedencia (VM) [OBSOLETO] |
05 |
| Condición del los carretes individuales (VM) [OBSOLETO] |
20140819 |
| -- |
UCH01 |
| -- |
1427 |
| 590 ## - NOTA LOCAL (RLIN) |
| Nota local |
E5995AHE |
| Procedencia (VM) [OBSOLETO] |
05 |
| Condición del los carretes individuales (VM) [OBSOLETO] |
20140819 |
| -- |
UCH01 |
| -- |
1440 |
| 590 ## - NOTA LOCAL (RLIN) |
| Nota local |
E5995AHE |
| Procedencia (VM) [OBSOLETO] |
05 |
| Condición del los carretes individuales (VM) [OBSOLETO] |
20140819 |
| -- |
UCH01 |
| -- |
1449 |
| 650 14 - PUNTO DE ACCESO ADICIONAL DE MATERIA--TÉRMINO DE MATERIA |
| Término de materia o nombre geográfico como elemento de entrada |
Pescado |
| Subdivisión general |
Histamina. |
| 9 (RLIN) |
127835 |
| 650 14 - PUNTO DE ACCESO ADICIONAL DE MATERIA--TÉRMINO DE MATERIA |
| Término de materia o nombre geográfico como elemento de entrada |
Productos pesqueros. |
| 9 (RLIN) |
92201 |
| 650 14 - PUNTO DE ACCESO ADICIONAL DE MATERIA--TÉRMINO DE MATERIA |
| Término de materia o nombre geográfico como elemento de entrada |
Riesgos. |
| 9 (RLIN) |
97403 |
| 650 14 - PUNTO DE ACCESO ADICIONAL DE MATERIA--TÉRMINO DE MATERIA |
| Término de materia o nombre geográfico como elemento de entrada |
Salud pública. |
| 9 (RLIN) |
101813 |
| 650 14 - PUNTO DE ACCESO ADICIONAL DE MATERIA--TÉRMINO DE MATERIA |
| Término de materia o nombre geográfico como elemento de entrada |
Seguridad alimentaria. |
| 9 (RLIN) |
103673 |
| 710 0# - PUNTO DE ACCESO ADICIONAL--NOMBRE DE ENTIDAD CORPORATIVA |
| Nombre de entidad corporativa o nombre de jurisdicción como elemento de entrada |
Organización Mundial de la Salud. |
| 9 (RLIN) |
83555 |
| 901 ## - ELEMENTOS DE DATOS A LOCAL LDA (RLIN) |
| a |
BK |
| 942 ## - ELEMENTOS DE PUNTO DE ACCESO ADICIONAL (KOHA) |
| Tipo de ítem Koha |
Libro |
| 942 ## - ELEMENTOS DE PUNTO DE ACCESO ADICIONAL (KOHA) |
| Suprimir en OPAC |
0 |